000 00883nam a22003257a 4500
001 4097447
003 OSt
005 20210426114439.0
008 750930s1976 nyu 001 0 eng
010 _a 74027583
020 _a0385028520 :
_c$7.95
040 _aDLC
_cDLC
_dDLC
041 _aeng
043 _an-us---
050 0 0 _aRC267
_b.H58
080 _a001
_bH-70
082 0 0 _a616.9/94/027
100 1 _aHixson, Joseph R.
245 1 4 _aThe patchwork mouse /
_cJoseph Hixson.
250 _a1st ed.
260 _aGarden City, N.Y. :
_bAnchor Press,
_c1976.
300 _ax, 228 p. ;
_c22 cm.
365 _a7.95 USD
500 _aIncludes index.
600 1 0 _aSummerlin, William Talley,
_d1938-
650 0 _aCancer
_xResearch
_zUnited States.
653 _aმეცნიერება
906 _a7
_bcbc
_corignew
_d1
_eocip
_f19
_gy-gencatlg
942 _2udc
_cBK
999 _c1204
_d1204